000 00423pab a2200169 454500
008 180718b2014 xxu||||| |||| 00| 0 eng d
100 _aKrishnaswamy, R.
245 _aSixth economics census 2013: Intriguing numbers
260 _c2014
300 _ap.78-82.
362 _a20 Sep
650 _aEconomic census
700 _aShetty, S.L.
773 _aEconomic and Political Weekly
908 _aN
909 _a105799
999 _c105794
_d105794